| 000 | 01390nam a2200337 i 4500 | ||
|---|---|---|---|
| 001 | 000045330 | ||
| 003 | DO-SdBNP | ||
| 005 | 20260515220830.0 | ||
| 007 | ta | ||
| 008 | 150303s2014 dr ad 000 0 spa d | ||
| 020 | _a9789945586220 | ||
| 040 |
_aDO-SdBNP _bspa _cBNPHU _erda |
||
| 041 | _aspa | ||
| 082 | 4 |
_a025.1714 _bP371g _223 |
|
| 100 | 1 |
_aPedierro Valdés, Olga María, _eautor _4aut. _920100 |
|
| 245 | 1 | 0 |
_aGestión documental : _bherramientas para la organización de los archivos / _cOlga María Pedierro Valdés ; presentación, Ángel Hernández |
| 264 | 4 |
_aSanto Domingo : _bArchivo General de la Nación, _c2014 |
|
| 300 |
_a144 páginas : _bilustraciones ; _c23 cm |
||
| 336 |
_atexto _btxt _2rdacontent |
||
| 337 |
_asin mediación _bn _2rdamedia |
||
| 338 |
_avolumen _bnc _2rdacarrier |
||
| 490 |
_aArchivo General de la Nación ; _v227 |
||
| 500 | _aIncluye datos biográficos del autor en las solapas. | ||
| 504 | _aBibliografía : páginas 129-130 | ||
| 590 | _aInventariado, 2024/BT | ||
| 650 | 7 |
_2armarc _aArchivística _989614 _xManuales |
|
| 650 | 7 |
_2armarc _aArchivos de oficina _x Organización _989615 |
|
| 700 | 1 |
_aHernández, Ángel, _eprologuista _911092 _4prol. |
|
| 856 |
_uhttps://colecciones.agn.gob.do/opac/ficha.php?informatico=00096052PI&idpag=1434047424&codopac=OUDIG&presenta=digitaly2p#viajeinicial _yAcceso a texto completo |
||
| 942 |
_2ddc _cLBS1 |
||
| 999 |
_c44819 _d44819 |
||